000
00271nam a22001217a 4500
008
170213b xxu||||| |||| 00| 0 eng d
041
_a
eng
080
_a
61
100
_a
4
101
_a
shm
245
_a
THE AMERICAN MEDICAL ASSOCIATION
_c
CLAYMAN, CH.B
942
_2
udc
_c
BK
999
_c
5196
_d
5196